KOHA-Header-6

Patterns of Entrepreneurship Management (Record no. 966)

000 -LEADER
fixed length control field 00325nam a2200133Ia 4500
008 - FIXED-LENGTH DATA ELEMENTS--GENERAL INFORMATION
fixed length control field 190722s9999 xx 000 0 und d
020 ## - INTERNATIONAL STANDARD BOOK NUMBER
International Standard Book Number 978-0-470-16969-8
100 ## - MAIN ENTRY--PERSONAL NAME
Personal name Jack M.Kaplan
245 #0 - TITLE STATEMENT
Title Patterns of Entrepreneurship Management
250 ## - EDITION STATEMENT
Edition statement 3rd
260 ## - PUBLICATION, DISTRIBUTION, ETC. (IMPRINT)
Place of publication, distribution, etc USA
Name of publisher, distributor, etc John Wiley
Date of publication, distribution, etc 2010
300 ## - PHYSICAL DESCRIPTION
Extent 418
942 ## - ADDED ENTRY ELEMENTS (KOHA)
Koha item type Books
Holdings
Withdrawn status Lost status Source of classification or shelving scheme Damaged status Not for loan Collection code Permanent Location Current Location Shelving location Date acquired Full call number Barcode Date last seen Price effective from Koha item type
        Not For Loan Management MAJU MAJU Shelf No.A38 REF 2019-07-22 658.421 7591 2019-07-22 2019-07-22 Management

Powered by Koha